00554nam a2200133 i 4500001000700000003000900007007000300016008004100019100004100060245020100101260006700302300002700369852002400396114463ES-MaACLt|030717s1877 po ||||1| por d1 aCosta Alvarenga, Pedro Francisco da.13aDa propylamina, trimethylamina e seus saes sob o ponto de vista pharmacologico e therapeutico b: memoria apresentada á Academia Real das Sciencias de Lisboa / cPedro Francisco Costa Alvarenga. aLisboa : b[s.n.], c1877 (fTyp. Academia Real das Sciencias) a104, [4] p. ; c29 cm. aES-MaACLjT-235-F-4